000 00472nam a22001937a 4500
003 Nust
005 20211101102424.0
008 170112b xxu||||| |||| 00| 0 eng d
020 _a812032854X
038 _akhadija
040 _c.
082 _a621.43
_bGUP
245 _aFundamental OF Internal Combustion Engines /
_cH.N.Gupta
260 _aNew Delhi:
_bPrentice;
_c2006.
300 _a597p: ,
_b24 cm.
500 _apaperback.
563 _aPB
942 _cBK
_2ddc
999 _c31784
_d31784